| Tag |
First Indicator |
Second Indicator |
Subfields |
| LEADER |
00000cam a2200000 a 4500 |
| 001 |
in00000915521 |
| 005 |
20150924124245.0 |
| 008 |
820727s1982 cn bc b 00110 eng d |
| 015 |
|
|
|a C82-094034-8
|
| 020 |
|
|
|z 091945017
|
| 035 |
|
|
|a (OCoLC)08637069
|
| 035 |
|
|
|9 AEP0899AM
|
| 040 |
|
|
|a IBE
|c IBE
|d TXA
|d UtOrBLW
|
| 049 |
|
|
|a TXAM
|c [A13137300]
|
| 050 |
|
4 |
|a DB925.5
|b .K65 1982
|
| 100 |
1 |
|
|a Komjathy, Anthony Tihamer.
|
| 245 |
1 |
2 |
|a A thousand years of the Hungarian art of war /
|c by Anthony Tihamér Komjáthy ; preface by Mark W. Clark ; epilogue by Bruce J. Legge.
|
| 264 |
|
1 |
|a Toronto, Canada :
|b Rákóczi Foundation,
|c 1982.
|
| 300 |
|
|
|a IV, 210 pages :
|b maps, portraits ;
|c 24 cm.
|
| 336 |
|
|
|a text
|b txt
|2 rdacontent
|
| 337 |
|
|
|a unmediated
|b n
|2 rdamedia
|
| 338 |
|
|
|a volume
|b nc
|2 rdacarrier
|
| 490 |
1 |
|
|a Rákóczi Foundation heritage series
|
| 504 |
|
|
|a Bibliography: pages 200-206.
|
| 500 |
|
|
|a Includes index.
|
| 651 |
|
0 |
|a Hungary
|x History, Military.
|
| 830 |
|
0 |
|a Rákóczi Foundation heritage series.
|
| 999 |
|
|
|a MARS
|
| 999 |
f |
f |
|s 18505e6e-dc25-36ce-bf9a-ceeae08f4945
|i 878389d9-be1e-373b-88ac-4345cc984544
|t 0
|
| 952 |
f |
f |
|p ric
|a Texas A&M University
|b Rellis Campus
|c Joint Library Facility
|d Remote Storage
|t 0
|e DB925.5 K65 1982
|h Library of Congress classification
|i unmediated -- volume
|m A14813137300
|
| 952 |
f |
f |
|p noncirc
|a Texas A&M University
|b College Station
|c Cushing Memorial Library & Archives
|d Cushing: Ragan Military (Does not check out)
|t 0
|e DB925.5 .K65 1982
|h Library of Congress classification
|i unmediated -- volume
|
| 998 |
f |
f |
|a DB925.5 .K65 1982
|t 0
|l Cushing: Ragan Military (Does not check out)
|
| 998 |
f |
f |
|a DB925.5 K65 1982
|t 0
|l Remote Storage
|